| 000 | 00348nam a22001457a 4500 | ||
|---|---|---|---|
| 003 | OSt | ||
| 005 | 20160727222420.0 | ||
| 008 | 160627b xxu||||| |||| 00| 0 eng d | ||
| 040 | _cTEST | ||
| 100 |
_91244 _aAmerican Red Cross |
||
| 245 | _aStandard First Aid | ||
| 260 |
_aAMERICAN RED CROSS _c1991 |
||
| 300 | _aStandard First Aid | ||
| 942 |
_2ddc _cBK |
||
| 999 |
_c1018 _d1018 |
||